Ďalší rok s nedostatkom peňazí

Rozpočet Všeobecnej zdravotnej poisťovne na r. 1997. Prerozdeľovacie mechanizmy v zdravotnom poistení. Riešenie problému vyšších cien za služby. Poistný informačný systém VšZP. Plán nákladov na liečivé a zdravotnícke pomôcky. Zníženie príjmov VšZP oproti návrhu. Zníženie návrhu rozpočtu Sociálnej po...

Ausführliche Beschreibung

Gespeichert in:
Bibliographische Detailangaben
1. Verfasser: Krištofičová, Dagmar
Format: Buchkapitel
Sprache:Slowakisch
Schlagworte:
Tags: Tag hinzufügen
Keine Tags, Fügen Sie das erste Tag hinzu!

MARC

LEADER 00000naa a2200000 4500
001 r025197
005 20251104123549.3
041 0 |a slo 
044 |a SK 
245 1 0 |a Ďalší rok s nedostatkom peňazí  |c Dagmar Krištofičová 
520 |a Rozpočet Všeobecnej zdravotnej poisťovne na r. 1997. Prerozdeľovacie mechanizmy v zdravotnom poistení. Riešenie problému vyšších cien za služby. Poistný informačný systém VšZP. Plán nákladov na liečivé a zdravotnícke pomôcky. Zníženie príjmov VšZP oproti návrhu. Zníženie návrhu rozpočtu Sociálnej poisťovne na úkor štátneho rozpočtu. Dopad zásahov štátu na vývoj základného Fondu dôchodkového zabezpečenia. 
610 2 0 |a poisťovne 
610 2 0 |a Všeobecná zdravotná poisťovňa Bratislava 
610 2 0 |a Sociálna poisťovňa, a.s. Bratislava 
610 2 0 |a rozpočet štátny 
610 2 0 |a zabezpečenie dôchodkové 
100 1 |a Krištofičová, Dagmar